000 00628nam a2200241Ia 4500
003 OSt
005 20221005131015.0
006 a|||||r|||| 00| 0
007 ta
008 221004b |||||||| |||| 00| 0 eng d
024 _a57468
037 _cTextual
040 _aCRL
_cCRL
_beng
041 _2eng
_aeng
082 _aV2:1941091:N5, J3
100 _aVenkatachar C S
_9301681
245 0 _aSea power in the India Ocean
260 _c1953
490 _aEastern economist pamphlets; 22
650 _aHISTORY
942 _hV2:1941091:N5, J3
_cTEXL
_2cc
999 _c1059075
_d1059075